[Event "Team Championship Russia (Blitz, Men)"]
[Site "Sochi"]
[Date "2018.10.10"]
[Round "7.16"]
[White "Derjabin, Ilja"]
[Black "Kezin, Roman"]
[Result "0-1"]
[BlackElo "2575"]
[WhiteElo "2356"]
[LiveChessVersion "1.4.8"]

1. d4 {[%clk 0:03:02]} d5 {[%clk 0:03:02]} 2. Nc3 {[%clk 0:03:02]} Nf6
{[%clk 0:03:02]} 3. Bg5 {[%clk 0:03:02]} Nbd7 {[%clk 0:03:02]} 4. e3
{[%clk 0:03:02]} e6 {[%clk 0:03:02]} 5. Nf3 {[%clk 0:03:02]} c5 {[%clk 0:03:02]}
6. Be2 {[%clk 0:03:02]} Be7 {[%clk 0:03:02]} 7. O-O {[%clk 0:03:02]} O-O
{[%clk 0:03:02]} 8. a3 {[%clk 0:03:02]} b6 {[%clk 0:03:02]} 9. h3
{[%clk 0:03:02]} Bb7 {[%clk 0:03:02]} 10. Bd3 {[%clk 0:02:47]} Ne4
{[%clk 0:02:35]} 11. Bxe7 {[%clk 0:02:46]} Qxe7 {[%clk 0:02:36]} 12. Bxe4
{[%clk 0:02:44]} dxe4 {[%clk 0:02:36]} 13. Nd2 {[%clk 0:02:44]} cxd4
{[%clk 0:02:32]} 14. exd4 {[%clk 0:02:45]} f5 {[%clk 0:02:33]} 15. Qe2
{[%clk 0:02:33]} Rad8 {[%clk 0:02:14]} 16. Rad1 {[%clk 0:02:33]} Kh8
{[%clk 0:02:13]} 17. Nc4 {[%clk 0:02:32]} Ba6 {[%clk 0:02:05]} 18. b3
{[%clk 0:02:22]} Nf6 {[%clk 0:02:05]} 19. a4 {[%clk 0:01:58]} Nd5
{[%clk 0:02:01]} 20. Nb5 {[%clk 0:01:59]} Bxb5 {[%clk 0:02:01]} 21. axb5
{[%clk 0:02:01]} Nc3 {[%clk 0:02:02]} 22. Qe3 {[%clk 0:02:02]} Nxd1
{[%clk 0:02:03]} 23. Rxd1 {[%clk 0:02:03]} Qb4 {[%clk 0:01:59]} 24. Ra1
{[%clk 0:02:00]} Rd7 {[%clk 0:01:04]} 25. Qf4 {[%clk 0:01:20]} Qxb5
{[%clk 0:00:57]} 26. Ne5 {[%clk 0:01:21]} Rb7 {[%clk 0:00:35]} 27. h4
{[%clk 0:00:39]} Qd5 {[%clk 0:00:34]} 28. Rd1 {[%clk 0:00:39]} Rc8
{[%clk 0:00:33]} 29. c4 {[%clk 0:00:40]} Qd8 {[%clk 0:00:32]} 30. d5
{[%clk 0:00:37]} exd5 {[%clk 0:00:31]} 31. Rxd5 {[%clk 0:00:38]} Qf6
{[%clk 0:00:29]} 32. h5 {[%clk 0:00:28]} Re7 {[%clk 0:00:27]} 33. b4
{[%clk 0:00:23]} Rce8 {[%clk 0:00:23]} 34. Nd7 {[%clk 0:00:25]} Qe6
{[%clk 0:00:24]} 35. Nb8 {[%clk 0:00:19]} Rf7 {[%clk 0:00:19]} 36. b5
{[%clk 0:00:20]} Qh6 {[%clk 0:00:11]} 37. Qh4 {[%clk 0:00:19]} e3
{[%clk 0:00:10]} 38. fxe3 {[%clk 0:00:04]} Qxe3+ {[%clk 0:00:11]} 39. Kh2
{[%clk 0:00:06]} Qe4 {[%clk 0:00:12]} 40. Qxe4 {[%clk 0:00:04]} fxe4
{[%clk 0:00:13]} 41. Nc6 {[%clk 0:00:04]} e3 {[%clk 0:00:14]} 42. Nd4
{[%clk 0:00:04]} h6 {[%clk 0:00:11]} 0-1

[Event "Team Championship Russia (Blitz, Men)"]
[Site "Sochi"]
[Date "2018.10.10"]
[Round "7.17"]
[White "Chigaev, Maksim"]
[Black "Potapov, Pavel"]
[Result "0-1"]
[BlackElo "2459"]
[WhiteElo "2616"]
[LiveChessVersion "1.4.8"]

1. e4 {[%clk 0:03:03]} c5 {[%clk 0:03:03]} 2. Be2 {[%clk 0:03:01]} Nc6
{[%clk 0:03:03]} 3. f4 {[%clk 0:03:02]} g6 {[%clk 0:03:03]} 4. Nf3
{[%clk 0:03:03]} Bg7 {[%clk 0:03:03]} 5. O-O {[%clk 0:03:03]} d5 {[%clk 0:03:00]}
6. d3 {[%clk 0:03:01]} dxe4 {[%clk 0:02:53]} 7. dxe4 {[%clk 0:03:02]} Bg4
{[%clk 0:02:47]} 8. c3 {[%clk 0:03:03]} Qxd1 {[%clk 0:02:44]} 9. Bxd1
{[%clk 0:02:52]} e5 {[%clk 0:02:33]} 10. Na3 {[%clk 0:02:48]} exf4
{[%clk 0:02:09]} 11. Bxf4 {[%clk 0:02:32]} Nf6 {[%clk 0:02:07]} 12. Bb3
{[%clk 0:01:24]} Rd8 {[%clk 0:01:28]} 13. e5 {[%clk 0:01:04]} Nd5
{[%clk 0:01:20]} 14. Bg5 {[%clk 0:01:05]} Rd7 {[%clk 0:01:18]} 15. Nb5
{[%clk 0:01:01]} O-O {[%clk 0:01:11]} 16. Rad1 {[%clk 0:00:45]} Nb6
{[%clk 0:01:12]} 17. Rxd7 {[%clk 0:00:23]} Nxd7 {[%clk 0:01:12]} 18. Nd6
{[%clk 0:00:18]} Ndxe5 {[%clk 0:00:42]} 19. Nxe5 {[%clk 0:00:17]} Nxe5
{[%clk 0:00:42]} 20. Be7 {[%clk 0:00:13]} c4 {[%clk 0:00:11]} 21. Bxf8
{[%clk 0:00:14]} Bxf8 {[%clk 0:00:12]} 22. Nxc4 {[%clk 0:00:15]} Bc5+
{[%clk 0:00:12]} 23. Kh1 {[%clk 0:00:14]} Nd3 {[%clk 0:00:11]} 24. h3
{[%clk 0:00:08]} Be2 {[%clk 0:00:11]} 25. Rb1 {[%clk 0:00:05]} h5
{[%clk 0:00:08]} 26. Kh2 {[%clk 0:00:04]} h4 27. Nd2 {[%clk 0:00:00]} 0-1

[Event "Team Championship Russia (Blitz, Men)"]
[Site "Sochi"]
[Date "2018.10.10"]
[Round "7.18"]
[White "Sergeyev, Alexander"]
[Black "Vastrukhin, Oleg"]
[Result "0-1"]
[BlackElo "2535"]
[WhiteElo "2277"]
[LiveChessVersion "1.4.8"]

1. e4 {[%clk 0:03:02]} g6 {[%clk 0:03:04]} 2. Nc3 {[%clk 0:03:02]} Bg7
{[%clk 0:03:05]} 3. d4 {[%clk 0:03:03]} c6 {[%clk 0:03:06]} 4. Bg5
{[%clk 0:02:59]} d5 {[%clk 0:03:06]} 5. Nf3 {[%clk 0:02:54]} Nf6 {[%clk 0:02:59]}
6. exd5 {[%clk 0:02:20]} cxd5 {[%clk 0:02:59]} 7. Bd3 {[%clk 0:02:15]} O-O
{[%clk 0:02:59]} 8. O-O {[%clk 0:02:16]} Nc6 {[%clk 0:02:59]} 9. h3
{[%clk 0:02:13]} Nb4 {[%clk 0:02:53]} 10. Re1 {[%clk 0:02:01]} Nxd3
{[%clk 0:02:51]} 11. Qxd3 {[%clk 0:02:02]} Bf5 {[%clk 0:02:48]} 12. Qb5
{[%clk 0:01:59]} e6 {[%clk 0:02:33]} 13. Qb3 {[%clk 0:01:39]} h6 {[%clk 0:02:32]}
14. Bxf6 {[%clk 0:01:38]} Qxf6 {[%clk 0:02:31]} 15. Ne5 {[%clk 0:01:31]} Qg5
{[%clk 0:02:30]} 16. Ne2 {[%clk 0:01:16]} Rac8 {[%clk 0:02:17]} 17. Nf3
{[%clk 0:01:01]} Qe7 {[%clk 0:02:02]} 18. Rac1 {[%clk 0:00:49]} a5
{[%clk 0:01:36]} 19. Ng3 {[%clk 0:00:46]} Qc7 {[%clk 0:01:27]} 20. Nxf5
{[%clk 0:00:43]} gxf5 {[%clk 0:01:28]} 21. Qe3 {[%clk 0:00:40]} Kh7
{[%clk 0:01:26]} 22. c3 {[%clk 0:00:32]} Bf6 {[%clk 0:01:26]} 23. Kh1
{[%clk 0:00:31]} Rg8 {[%clk 0:01:26]} 24. Rg1 {[%clk 0:00:33]} Rg6
{[%clk 0:01:22]} 25. g4 {[%clk 0:00:31]} fxg4 {[%clk 0:01:23]} 26. Rxg4
{[%clk 0:00:33]} Rxg4 {[%clk 0:01:10]} 27. hxg4 {[%clk 0:00:34]} Rg8
{[%clk 0:01:10]} 28. Rg1 {[%clk 0:00:35]} Bg5 {[%clk 0:00:58]} 29. Qd3+
{[%clk 0:00:33]} Kg7 {[%clk 0:00:59]} 30. Ne5 {[%clk 0:00:31]} f6 31. Nf3 Qf4
{[%clk 0:00:41]} 32. Rg3 {[%clk 0:00:19]} Qe4 {[%clk 0:00:38]} 33. Qxe4
{[%clk 0:00:05]} dxe4 34. Ng1 {[%clk 0:00:04]} f5 {[%clk 0:00:29]} 35. Ne2
{[%clk 0:00:03]} f4 {[%clk 0:00:26]} 36. Rh3 {[%clk 0:00:00]} Kf6
{[%clk 0:00:26]} 37. f3 {[%clk 0:00:00]} Ke5 0-1

[Event "Team Championship Russia (Blitz, Men)"]
[Site "Sochi"]
[Date "2018.10.10"]
[Round "7.19"]
[White "Oganian, Miran"]
[Black "Belyakov, Bogdan"]
[Result "0-1"]
[BlackElo "2464"]
[WhiteElo "2466"]
[LiveChessVersion "1.4.8"]

1. b3 {[%clk 0:03:03]} e5 {[%clk 0:02:58]} 2. Bb2 {[%clk 0:03:04]} d6
{[%clk 0:02:59]} 3. e3 {[%clk 0:03:04]} Nc6 {[%clk 0:03:00]} 4. c4
{[%clk 0:03:06]} Nf6 {[%clk 0:02:59]} 5. Nf3 {[%clk 0:03:05]} g6 {[%clk 0:02:59]}
6. d4 {[%clk 0:03:05]} exd4 {[%clk 0:02:59]} 7. Nxd4 {[%clk 0:03:06]} Bg7
{[%clk 0:03:00]} 8. Be2 {[%clk 0:03:04]} O-O {[%clk 0:03:00]} 9. O-O
{[%clk 0:03:04]} Re8 {[%clk 0:03:00]} 10. Nd2 {[%clk 0:03:00]} a5
{[%clk 0:02:54]} 11. Qc2 {[%clk 0:02:51]} Nb4 {[%clk 0:02:52]} 12. Qd1
{[%clk 0:02:46]} Bd7 {[%clk 0:02:53]} 13. Bf3 {[%clk 0:02:31]} Rb8
{[%clk 0:02:53]} 14. a3 {[%clk 0:02:24]} Na6 {[%clk 0:02:50]} 15. Qc2
{[%clk 0:02:21]} Nc5 {[%clk 0:02:40]} 16. b4 {[%clk 0:02:15]} Na4
{[%clk 0:02:38]} 17. Bc1 {[%clk 0:02:08]} c5 {[%clk 0:02:37]} 18. Nb5
{[%clk 0:02:02]} Bxb5 {[%clk 0:02:07]} 19. cxb5 {[%clk 0:02:03]} Nd7
{[%clk 0:02:08]} 20. Qxa4 {[%clk 0:01:14]} Bxa1 {[%clk 0:02:08]} 21. bxa5
{[%clk 0:01:15]} Bg7 {[%clk 0:02:00]} 22. Nc4 {[%clk 0:01:06]} Ne5
{[%clk 0:01:59]} 23. Bd5 {[%clk 0:01:01]} Nxc4 {[%clk 0:01:56]} 24. Qxc4
{[%clk 0:01:02]} Qe7 {[%clk 0:01:35]} 25. Bd2 {[%clk 0:01:00]} h5
{[%clk 0:01:29]} 26. a4 {[%clk 0:00:53]} Rf8 {[%clk 0:01:27]} 27. Rb1
{[%clk 0:00:44]} Qc7 {[%clk 0:01:27]} 28. b6 {[%clk 0:00:41]} Qd7
{[%clk 0:01:28]} 29. a6 {[%clk 0:00:33]} bxa6 {[%clk 0:01:21]} 30. Qxa6
{[%clk 0:00:34]} Qf5 {[%clk 0:01:08]} 31. e4 {[%clk 0:00:30]} Qe5
{[%clk 0:00:57]} 32. Qc4 {[%clk 0:00:27]} Rxb6 {[%clk 0:00:18]} 33. Rxb6
{[%clk 0:00:28]} Qa1+ {[%clk 0:00:19]} 34. Qf1 {[%clk 0:00:28]} Qxa4
{[%clk 0:00:20]} 35. Rxd6 {[%clk 0:00:22]} Be5 {[%clk 0:00:19]} 36. Rxg6+
{[%clk 0:00:22]} Kh7 {[%clk 0:00:20]} 37. Rh6+ {[%clk 0:00:19]} Kg7
{[%clk 0:00:21]} 38. Rxh5 {[%clk 0:00:19]} Bd4 {[%clk 0:00:20]} 39. Be3
{[%clk 0:00:17]} Qc2 {[%clk 0:00:13]} 40. g3 {[%clk 0:00:07]} Rb8
{[%clk 0:00:14]} 41. Bxd4+ {[%clk 0:00:04]} cxd4 {[%clk 0:00:15]} 42. Kg2
{[%clk 0:00:05]} d3 {[%clk 0:00:15]} 43. Rg5+ {[%clk 0:00:04]} Kf8
{[%clk 0:00:16]} 44. Rf5 {[%clk 0:00:05]} Rb1 {[%clk 0:00:17]} 45. Rxf7+
{[%clk 0:00:06]} Ke8 {[%clk 0:00:18]} 46. Qxb1 {[%clk 0:00:05]} Qxb1
{[%clk 0:00:19]} 47. Rb7 {[%clk 0:00:04]} Qc2 {[%clk 0:00:19]} 48. Bb3
{[%clk 0:00:05]} Qc1 {[%clk 0:00:20]} 49. Ba4+ {[%clk 0:00:04]} Kf8
{[%clk 0:00:20]} 50. Rd7 {[%clk 0:00:05]} Qc4 {[%clk 0:00:21]} 51. Bd1
{[%clk 0:00:04]} Qxe4+ {[%clk 0:00:22]} 52. Bf3 {[%clk 0:00:05]} Qc4
{[%clk 0:00:23]} 53. h4 {[%clk 0:00:05]} Ke8 {[%clk 0:00:20]} 54. Rd5
{[%clk 0:00:05]} Ke7 {[%clk 0:00:21]} 55. h5 {[%clk 0:00:05]} Ke6
{[%clk 0:00:19]} 56. Rd8 {[%clk 0:00:05]} Ke7 {[%clk 0:00:21]} 57. Rd5
{[%clk 0:00:06]} Ke6 {[%clk 0:00:22]} 58. Rg5 {[%clk 0:00:04]} d2
{[%clk 0:00:22]} 59. Rg6+ {[%clk 0:00:05]} Ke7 {[%clk 0:00:23]} 60. Rg4
{[%clk 0:00:04]} Qd3 {[%clk 0:00:22]} 61. Rf4 {[%clk 0:00:03]} Qxf3+
{[%clk 0:00:17]} 62. Rxf3 {[%clk 0:00:04]} d1=Q {[%clk 0:00:18]} 63. Rf5
{[%clk 0:00:04]} Ke6 {[%clk 0:00:18]} 64. Rg5 {[%clk 0:00:04]} Kf6
{[%clk 0:00:19]} 65. Rc5 {[%clk 0:00:05]} Qd6 {[%clk 0:00:20]} 66. Ra5
{[%clk 0:00:04]} Qb6 {[%clk 0:00:20]} 67. Ra3 {[%clk 0:00:00]} Ke5 0-1

[Event "Team Championship Russia (Blitz, Men)"]
[Site "Sochi"]
[Date "2018.10.10"]
[Round "7.20"]
[White "Savitskiy, Sergey"]
[Black "Murzin, Volodar"]
[Result "1-0"]
[BlackElo "2450"]
[WhiteElo "2283"]
[LiveChessVersion "1.4.8"]

1. e4 {[%clk 0:03:03]} c6 {[%clk 0:03:03]} 2. d4 {[%clk 0:03:04]} d5
{[%clk 0:03:04]} 3. Nc3 {[%clk 0:03:05]} dxe4 4. Nxe4 {[%clk 0:03:06]} Bf5
{[%clk 0:03:02]} 5. Ng3 {[%clk 0:03:08]} Bg6 {[%clk 0:03:03]} 6. Bc4
{[%clk 0:03:09]} Nd7 {[%clk 0:03:00]} 7. N1e2 {[%clk 0:03:10]} Ngf6
{[%clk 0:02:57]} 8. O-O {[%clk 0:03:11]} e6 {[%clk 0:02:58]} 9. f4
{[%clk 0:03:12]} Bd6 {[%clk 0:02:45]} 10. f5 {[%clk 0:03:12]} exf5
{[%clk 0:02:46]} 11. Nxf5 {[%clk 0:03:13]} Bxf5 {[%clk 0:02:46]} 12. Rxf5
{[%clk 0:03:14]} O-O {[%clk 0:02:47]} 13. Bg5 {[%clk 0:02:57]} h6
{[%clk 0:02:46]} 14. Bh4 {[%clk 0:02:58]} Qc7 {[%clk 0:02:41]} 15. Bg3
{[%clk 0:02:29]} Ne4 {[%clk 0:02:30]} 16. Qd3 {[%clk 0:02:12]} Nxg3
{[%clk 0:02:18]} 17. hxg3 {[%clk 0:02:13]} Nb6 {[%clk 0:01:46]} 18. Bb3
{[%clk 0:02:15]} Kh8 {[%clk 0:01:29]} 19. Raf1 {[%clk 0:02:14]} f6
{[%clk 0:01:27]} 20. c4 {[%clk 0:01:52]} c5 {[%clk 0:01:02]} 21. Bc2
{[%clk 0:01:54]} cxd4 {[%clk 0:00:31]} 22. Rc5 {[%clk 0:01:46]} f5
{[%clk 0:00:12]} 23. Rxc7 {[%clk 0:01:47]} 1-0

[Event "Team Championship Russia (Blitz, Men)"]
[Site "Sochi"]
[Date "2018.10.10"]
[Round "7.21"]
[White "Sychev, Klementy"]
[Black "Chos, Alexey"]
[Result "1-0"]
[BlackElo "2229"]
[WhiteElo "2638"]
[LiveChessVersion "1.4.8"]

1. e4 {[%clk 0:03:04]} d6 {[%clk 0:03:03]} 2. d4 {[%clk 0:03:04]} Nf6
{[%clk 0:03:04]} 3. Nc3 {[%clk 0:03:06]} e5 {[%clk 0:03:06]} 4. Nf3
{[%clk 0:03:07]} Nbd7 {[%clk 0:03:07]} 5. Rg1 {[%clk 0:03:08]} exd4
{[%clk 0:03:04]} 6. Nxd4 {[%clk 0:03:07]} Nc5 {[%clk 0:03:01]} 7. Qe2
{[%clk 0:03:08]} Be7 {[%clk 0:02:56]} 8. g4 {[%clk 0:03:03]} h6 {[%clk 0:02:56]}
9. Nf5 {[%clk 0:02:40]} Ne6 {[%clk 0:02:24]} 10. Be3 {[%clk 0:02:38]} c6
{[%clk 0:02:19]} 11. O-O-O {[%clk 0:02:37]} Qc7 {[%clk 0:02:21]} 12. Qd2
{[%clk 0:02:26]} b5 {[%clk 0:01:57]} 13. Nxd6+ {[%clk 0:02:01]} Bxd6
{[%clk 0:01:55]} 14. Qxd6 {[%clk 0:02:02]} Qxd6 {[%clk 0:01:54]} 15. Rxd6
{[%clk 0:02:02]} b4 {[%clk 0:01:55]} 16. Na4 {[%clk 0:02:00]} Nxe4
{[%clk 0:01:54]} 17. Rxc6 {[%clk 0:02:01]} Bd7 {[%clk 0:01:55]} 18. Ra6
{[%clk 0:01:55]} O-O {[%clk 0:01:39]} 19. Bg2 {[%clk 0:01:54]} Bb5
{[%clk 0:01:03]} 20. Ra5 {[%clk 0:01:40]} Bc6 {[%clk 0:01:04]} 21. Rd1
{[%clk 0:01:25]} Rfc8 {[%clk 0:01:00]} 22. Re5 {[%clk 0:01:05]} Nf6
{[%clk 0:00:59]} 23. Bxc6 {[%clk 0:01:04]} Rxc6 {[%clk 0:01:00]} 24. h3
{[%clk 0:01:04]} Rac8 {[%clk 0:00:57]} 25. Rd2 {[%clk 0:01:06]} Ra6
{[%clk 0:00:57]} 26. b3 {[%clk 0:01:06]} Nd7 {[%clk 0:00:48]} 27. Rxd7
{[%clk 0:01:06]} Rac6 {[%clk 0:00:47]} 28. Rd2 a6 29. Nb2 {[%clk 0:01:06]} Nc7
{[%clk 0:00:48]} 30. Rc5 {[%clk 0:01:03]} Nb5 {[%clk 0:00:48]} 31. Rxc6
{[%clk 0:01:01]} Rxc6 {[%clk 0:00:49]} 32. Nc4 {[%clk 0:00:56]} Nc3
{[%clk 0:00:50]} 33. Kb2 {[%clk 0:00:56]} h5 {[%clk 0:00:48]} 34. Rd6
{[%clk 0:00:55]} Rc7 {[%clk 0:00:47]} 35. Rxa6 {[%clk 0:00:54]} hxg4
{[%clk 0:00:47]} 36. hxg4 {[%clk 0:00:55]} Rd7 {[%clk 0:00:47]} 37. Rd6
{[%clk 0:00:56]} Re7 {[%clk 0:00:48]} 38. a3 {[%clk 0:00:56]} Nb5
{[%clk 0:00:43]} 39. Rd8+ {[%clk 0:00:56]} Kh7 {[%clk 0:00:44]} 40. axb4
{[%clk 0:00:57]} f5 {[%clk 0:00:44]} 41. gxf5 {[%clk 0:00:57]} g6
{[%clk 0:00:44]} 42. f6 {[%clk 0:00:55]} Rf7 {[%clk 0:00:45]} 43. Bg5
{[%clk 0:00:55]} Na3 {[%clk 0:00:39]} 44. Nxa3 {[%clk 0:00:53]} Ra7
{[%clk 0:00:39]} 45. f7 {[%clk 0:00:50]} Rc7 {[%clk 0:00:37]} 46. f8=N+
{[%clk 0:00:44]} Kg8 {[%clk 0:00:31]} 47. Ne6+ {[%clk 0:00:45]} Kh7
{[%clk 0:00:31]} 48. Nxc7 {[%clk 0:00:45]} 1-0

[Event "Team Championship Russia (Blitz, Men)"]
[Site "Sochi"]
[Date "2018.10.10"]
[Round "7.23"]
[White "Kozionov, Kirill"]
[Black "Alexeev, Alexey"]
[Result "1-0"]
[BlackElo "2363"]
[WhiteElo "2442"]
[LiveChessVersion "1.4.8"]

1. d4 {[%clk 0:03:03]} Nf6 {[%clk 0:03:03]} 2. c4 {[%clk 0:03:05]} g6
{[%clk 0:03:04]} 3. Nc3 {[%clk 0:03:05]} d5 {[%clk 0:03:05]} 4. cxd5
{[%clk 0:03:06]} Nxd5 {[%clk 0:03:06]} 5. Bd2 {[%clk 0:03:07]} Bg7
{[%clk 0:03:06]} 6. e4 {[%clk 0:03:08]} Nb6 {[%clk 0:03:07]} 7. Be3
{[%clk 0:03:09]} O-O {[%clk 0:03:07]} 8. Bb5 {[%clk 0:03:10]} a6 {[%clk 0:02:59]}
9. Be2 {[%clk 0:03:10]} Nc6 {[%clk 0:02:53]} 10. d5 {[%clk 0:03:04]} Nb8
{[%clk 0:02:47]} 11. Nf3 {[%clk 0:02:39]} c6 {[%clk 0:02:32]} 12. dxc6
{[%clk 0:02:36]} Qc7 {[%clk 0:02:13]} 13. Qb3 {[%clk 0:02:37]} Bxc3+
{[%clk 0:01:54]} 14. bxc3 {[%clk 0:02:35]} Qxc6 {[%clk 0:01:54]} 15. Bxb6
{[%clk 0:02:33]} Be6 {[%clk 0:01:55]} 16. Qb2 {[%clk 0:02:21]} Nd7
{[%clk 0:01:46]} 17. Bd4 {[%clk 0:02:05]} Qxe4 {[%clk 0:01:46]} 18. O-O
{[%clk 0:02:04]} f6 {[%clk 0:01:41]} 19. Rfe1 {[%clk 0:01:53]} Qc6
{[%clk 0:01:41]} 20. Bf1 {[%clk 0:01:41]} Bg4 {[%clk 0:01:35]} 21. Rxe7
{[%clk 0:01:39]} Bxf3 {[%clk 0:01:23]} 22. gxf3 {[%clk 0:01:39]} Rae8
{[%clk 0:01:12]} 23. Qb3+ {[%clk 0:01:18]} Kh8 {[%clk 0:01:10]} 24. Rxe8
{[%clk 0:01:12]} Rxe8 {[%clk 0:01:11]} 25. Qf7 {[%clk 0:01:07]} Rf8
{[%clk 0:01:04]} 26. Qe7 {[%clk 0:01:06]} Kg8 {[%clk 0:00:53]} 27. Bh3
{[%clk 0:01:01]} 1-0

[Event "Team Championship Russia (Blitz, Men)"]
[Site "Sochi"]
[Date "2018.10.10"]
[Round "7.25"]
[White "Shkurkin, Andrey"]
[Black "Rakhmanov, Aleksandr"]
[Result "0-1"]
[BlackElo "2578"]
[WhiteElo "2218"]
[LiveChessVersion "1.4.8"]

1. d4 {[%clk 0:03:02]} Nf6 {[%clk 0:03:03]} 2. c4 {[%clk 0:03:03]} d6
{[%clk 0:03:04]} 3. Nc3 {[%clk 0:02:58]} e5 {[%clk 0:03:05]} 4. dxe5
{[%clk 0:02:58]} dxe5 {[%clk 0:03:05]} 5. Qxd8+ {[%clk 0:02:58]} Kxd8
{[%clk 0:03:06]} 6. Nf3 {[%clk 0:02:47]} Bd6 {[%clk 0:03:06]} 7. Bg5
{[%clk 0:02:13]} Be6 {[%clk 0:03:06]} 8. e4 {[%clk 0:02:03]} Nbd7
{[%clk 0:03:05]} 9. O-O-O {[%clk 0:01:53]} h6 {[%clk 0:03:05]} 10. Bh4
{[%clk 0:01:45]} Kc8 {[%clk 0:03:04]} 11. Be2 {[%clk 0:01:24]} Bb4
{[%clk 0:03:03]} 12. Nd2 {[%clk 0:00:59]} Bxc3 {[%clk 0:03:02]} 13. bxc3
{[%clk 0:01:00]} Nc5 {[%clk 0:03:00]} 14. f3 {[%clk 0:00:54]} Nfd7
{[%clk 0:03:01]} 15. Bf2 {[%clk 0:00:51]} a5 {[%clk 0:03:01]} 16. Nb3
{[%clk 0:00:46]} b6 {[%clk 0:02:53]} 17. Kc2 {[%clk 0:00:29]} Nb7
{[%clk 0:02:42]} 18. Rd2 {[%clk 0:00:07]} a4 {[%clk 0:02:35]} 19. Nc1
{[%clk 0:00:04]} Na5 {[%clk 0:02:36]} 20. Rhd1 {[%clk 0:00:03]} Nc5
{[%clk 0:02:20]} 21. Be3 {[%clk 0:00:04]} Nxc4 {[%clk 0:02:01]} 22. Bxc4
{[%clk 0:00:04]} Bxc4 {[%clk 0:02:02]} 23. Bxc5 {[%clk 0:00:04]} bxc5
{[%clk 0:02:03]} 24. Rd7 {[%clk 0:00:04]} Be6 {[%clk 0:02:00]} 25. R7d2
{[%clk 0:00:04]} c4 {[%clk 0:01:51]} 26. a3 {[%clk 0:00:04]} Rb8 {[%clk 0:01:52]}
27. Na2 {[%clk 0:00:04]} Rb3 {[%clk 0:01:53]} 28. Nb4 {[%clk 0:00:05]} Rxa3
{[%clk 0:01:51]} 29. Nd5 {[%clk 0:00:04]} Ra2+ {[%clk 0:01:51]} 30. Kc1
{[%clk 0:00:05]} Rxd2 {[%clk 0:01:48]} 31. Rxd2 {[%clk 0:00:06]} Kb7
{[%clk 0:01:39]} 32. Nb4 {[%clk 0:00:05]} g5 {[%clk 0:01:13]} 33. Kb2
{[%clk 0:00:04]} g4 {[%clk 0:01:08]} 34. fxg4 {[%clk 0:00:04]} Bxg4
{[%clk 0:01:07]} 35. Ka3 {[%clk 0:00:05]} Be6 {[%clk 0:00:26]} 36. Nc2
{[%clk 0:00:06]} Kb6 {[%clk 0:00:24]} 37. Ne3 {[%clk 0:00:07]} Kc5
{[%clk 0:00:25]} 38. g3 {[%clk 0:00:04]} Rb8 {[%clk 0:00:26]} 39. Nd1
{[%clk 0:00:03]} Rb1 {[%clk 0:00:21]} 40. Ka2 {[%clk 0:00:03]} Rb3
{[%clk 0:00:21]} 41. Rb2 {[%clk 0:00:03]} c6 {[%clk 0:00:20]} 42. Rd2
{[%clk 0:00:04]} h5 {[%clk 0:00:20]} 43. Rb2 {[%clk 0:00:04]} a3 {[%clk 0:00:19]}
44. Rxb3 {[%clk 0:00:04]} cxb3+ {[%clk 0:00:20]} 45. Kxa3 {[%clk 0:00:05]} Kc4
{[%clk 0:00:21]} 46. Kb2 {[%clk 0:00:03]} Kd3 {[%clk 0:00:22]} 47. Nf2+
{[%clk 0:00:03]} Ke3 {[%clk 0:00:23]} 48. Nd1+ {[%clk 0:00:03]} Kxe4 49. Kc1
{[%clk 0:00:03]} Kd3 {[%clk 0:00:25]} 50. Kb2 {[%clk 0:00:05]} Ke2
{[%clk 0:00:25]} 0-1

[Event "Team Championship Russia (Blitz, Men)"]
[Site "Sochi"]
[Date "2018.10.10"]
[Round "7.26"]
[White "Rozum, Ivan"]
[Black "Ivlev, Aleksey"]
[Result "1-0"]
[BlackElo "2359"]
[WhiteElo "2595"]
[LiveChessVersion "1.4.8"]

1. d4 {[%clk 0:03:03]} d5 {[%clk 0:03:03]} 2. Nf3 {[%clk 0:03:04]} Nf6
{[%clk 0:03:04]} 3. g3 {[%clk 0:03:04]} g6 {[%clk 0:03:02]} 4. Bg2
{[%clk 0:03:05]} Bg7 {[%clk 0:03:03]} 5. O-O {[%clk 0:03:06]} O-O
{[%clk 0:03:04]} 6. Nbd2 {[%clk 0:03:06]} c6 {[%clk 0:03:01]} 7. Re1
{[%clk 0:03:06]} Bf5 {[%clk 0:03:01]} 8. c3 {[%clk 0:03:06]} a5 {[%clk 0:02:58]}
9. Nh4 {[%clk 0:03:07]} Bg4 {[%clk 0:02:55]} 10. Qb3 {[%clk 0:03:03]} Qc8
{[%clk 0:02:40]} 11. a4 {[%clk 0:03:02]} Bh3 {[%clk 0:02:34]} 12. Bh1
{[%clk 0:03:01]} g5 {[%clk 0:02:28]} 13. Nhf3 {[%clk 0:03:01]} h6
{[%clk 0:02:29]} 14. e4 {[%clk 0:02:48]} dxe4 {[%clk 0:02:24]} 15. Nxe4
{[%clk 0:02:48]} Nbd7 {[%clk 0:01:53]} 16. Nexg5 {[%clk 0:02:30]} hxg5
{[%clk 0:01:45]} 17. Nxg5 {[%clk 0:02:30]} Bf5 {[%clk 0:01:45]} 18. Rxe7
{[%clk 0:02:31]} Bg6 {[%clk 0:01:46]} 19. Bf4 {[%clk 0:02:28]} Qd8
{[%clk 0:01:09]} 20. Rae1 {[%clk 0:02:26]} Nh5 {[%clk 0:01:00]} 21. Bd6
{[%clk 0:02:16]} Bf6 {[%clk 0:00:54]} 22. h4 {[%clk 0:01:38]} Bxe7
{[%clk 0:00:55]} 23. Bxe7 {[%clk 0:01:39]} Qc8 {[%clk 0:00:56]} 24. Bxf8
{[%clk 0:01:37]} Nxf8 {[%clk 0:00:56]} 25. Re7 {[%clk 0:01:22]} Rb8
{[%clk 0:00:50]} 26. Rxf7 {[%clk 0:01:18]} Kh8 {[%clk 0:00:46]} 27. Re7
{[%clk 0:00:39]} b5 {[%clk 0:00:47]} 28. Nf7+ {[%clk 0:00:37]} Bxf7
{[%clk 0:00:41]} 29. Qxf7 {[%clk 0:00:38]} Qg4 {[%clk 0:00:25]} 30. Bf3
{[%clk 0:00:30]} Qg6 {[%clk 0:00:26]} 31. Bxh5 {[%clk 0:00:21]} Qxf7
{[%clk 0:00:27]} 32. Bxf7 {[%clk 0:00:21]} bxa4 {[%clk 0:00:28]} 33. Ra7
{[%clk 0:00:21]} Rxb2 {[%clk 0:00:26]} 34. Rxa5 {[%clk 0:00:22]} Rc2
{[%clk 0:00:27]} 35. Rxa4 {[%clk 0:00:23]} Rxc3 {[%clk 0:00:28]} 36. Rc4
{[%clk 0:00:23]} Rd3 {[%clk 0:00:29]} 37. Kf1 {[%clk 0:00:17]} Kg7
{[%clk 0:00:30]} 38. Be8 {[%clk 0:00:17]} Ne6 {[%clk 0:00:28]} 39. Bxc6
{[%clk 0:00:18]} Nxd4 {[%clk 0:00:28]} 40. Be4 {[%clk 0:00:18]} Rd1+
{[%clk 0:00:29]} 41. Kg2 {[%clk 0:00:19]} Kf6 {[%clk 0:00:30]} 42. Rc5
{[%clk 0:00:17]} Nb3 {[%clk 0:00:27]} 43. Rf5+ {[%clk 0:00:17]} Ke6
{[%clk 0:00:27]} 44. Rf4 {[%clk 0:00:17]} Nd2 {[%clk 0:00:27]} 45. Bf5+
{[%clk 0:00:17]} Ke5 {[%clk 0:00:28]} 46. Bg6 {[%clk 0:00:16]} Nb3
{[%clk 0:00:28]} 47. h5 {[%clk 0:00:16]} Rd6 {[%clk 0:00:27]} 48. Rf5+
{[%clk 0:00:16]} Ke6 {[%clk 0:00:27]} 49. h6 {[%clk 0:00:14]} Nd4
{[%clk 0:00:29]} 50. h7 {[%clk 0:00:13]} Rd8 {[%clk 0:00:30]} 51. Rf4
{[%clk 0:00:10]} Nc6 {[%clk 0:00:31]} 52. Bf7+ {[%clk 0:00:11]} Ke5
{[%clk 0:00:29]} 53. Bg8 {[%clk 0:00:12]} Kd5 1-0